Los afrodescendientes en el caribe costarricense: aportes a la construcción del paisaje cultural

El libro analiza la historia de africanos y sus descendientes instaladas en la región del Caribe costarricense, a través de la lectura se observa la presencia en los diferentes ámbitos de la vida caribeña, los conflictos de la colonización , los papeles en la sociedad de distitntos actores sociales...

Ful tanımlama

Kaydedildi:
Detaylı Bibliyografya
Yazar: Morera Beita, Carlos
Diğer Yazarlar: Navarro Alvarado, Guillermo Antonio
Materyal Türü: Kitap
Dil:Spanish
Baskı/Yayın Bilgisi: Herdia, Costa Rica: Letra Maya; Universidad Nacional. Escuela de Ciencias 2023
Konular:
Etiketler: Etiketle
Etiket eklenmemiş, İlk siz ekleyin!

MARC

LEADER 00000nam a22000007a 4500
003 cru CIDCACS/IIS
005 20240119091150.0
008 230512b2023 cr ||||| |||| 00| 0 spa d
020 |a 978-8977286 
040 |c cru CIDCACS/IIS 
090 |a 05.02.01 M843a 
100 1 |9 11312  |a Morera Beita, Carlos  
245 1 4 |a Los afrodescendientes en el caribe costarricense:  |b aportes a la construcción del paisaje cultural  |c Carlos Morera Beita y Guillermo Navarro Alvarado 
260 |a Herdia, Costa Rica:  |b Letra Maya; Universidad Nacional. Escuela de Ciencias  |c 2023 
300 |a 192 páginas 
500 |a Esta en el estante de Colección de Libros IIS Colección Centroamérica 
520 |a El libro analiza la historia de africanos y sus descendientes instaladas en la región del Caribe costarricense, a través de la lectura se observa la presencia en los diferentes ámbitos de la vida caribeña, los conflictos de la colonización , los papeles en la sociedad de distitntos actores sociales, el papel de las mujeres y aspectos de género en la que se movieron las personas creoles jamaiquinas, el impacto de las migraciones y en las familias de origenradicadas en Jamaica, la relevancia de la actividad agrícola pionera de los pequeños agri cultores jamaiquinos, los procesos generados para la tenencia de la tierra, el desarrollo y vínculo con las grandes entidades transnacionales, el establecimiento de redes comunales entre otros temas relevantes de la vida afrodescendiente en el Caribe del país en la épcoa de finales del siglo XIX y principios del siglo XX. y  
600 1 7 |2 Libro en la Colección de Libros del IIS 
650 0 0 |9 1894  |a NEGROS 
650 0 0 |9 92  |a AFRODESCENDIENTES 
650 0 0 |9 4465  |a IDENTIDAD CULTURAL 
650 0 0 |9 5933  |a AGRICULTORES 
650 0 4 |9 3788  |a AGRICULTURA COMERCIAL 
650 0 0 |9 562  |a BANANOS 
700 1 |9 10592  |a Navarro Alvarado, Guillermo Antonio 
942 |2 z  |c LI  |h 05.02.01 M843a  |i 23445  |6 050201_M843A_23445 
999 |c 44958  |d 44958